000 03018cam a2200313 4500500
005 20260111114816.0
041 _afre
042 _adc
100 1 0 _aAbdellatif, Tarek
_eauthor
700 1 0 _aSlama, Yassine
_eauthor
700 1 0 _aMokni, Heithem
_eauthor
245 0 0 _aAnalyse de la relation et des effets croisés entre l’innovation, l’innovativité et l’efficacité managériale
260 _c2017.
500 _a70
520 _aAfin de maintenir leur efficacité managériale, les organisations ont besoin de générer, modifier et gérer leurs employés. Cette étude analyse les impacts des variables croisées entre l’efficacité managériale et les types d’innovation dans les organisations.L’innovation et l’innovativité ont un impact important sur l’efficacité managériale et la compétitivité de l’organisation. Une analyse empirique, basée sur les cartes cognitives, de ces trois concepts est d’une grande importance pour créer un avantage concurrentiel. Pour cette recherche, nous avons collaboré avec 40 acteurs décideurs au sein des organisations.Les résultats de l’étude montrent que les processus d’innovation et d’innovativité sont des variables motrices. Certaines dimensions de l’innovation et de l’innovativité sont aussi des variables relais à l’efficacité managériale bien que certaines de ses dimensions sont qualifiées de variables inertes qui agissent pour activer la compétitivité dans les organisations.
520 _aAnalysis of the relationship and the cross effects between innovation, innovativeness and the managerial efficiencyTo maintain their managerial effectiveness, organizations need to generate, modify and manage their employees. This study analyzes the impacts of cross variables between managerial effectiveness and types of innovation in organizations.Innovation and innovativeness have a significant impact on managerial effectiveness and competitiveness of the firm. An empirical analysis, based on cognitive maps, of these three concepts is of great importance to create a competitive advantage. For this research, we collaborated with 40 decision-makers in the organizations.The results of the study show that the processes of innovation and innovativeness are motor variables. Some dimensions of innovation and innovation are also relays to managerial efficiency, although some of its dimensions are termed inert variables that act to activate competitiveness in organizations.
690 _acartes cognitives
690 _aefficacité managériale
690 _ainnovation
690 _ainnovativité
690 _atypes d’innovation
690 _acognitive maps
690 _ainnovation
690 _ainnovation types
690 _ainnovativeness
690 _amanagerial efficiency
786 0 _nQuestion(s) de management | 17 | 2 | 2017-09-01 | p. 85-102 | 2262-7030
856 4 1 _uhttps://shs.cairn.info/revue-questions-de-management-2017-2-page-85?lang=fr&redirect-ssocas=7080
999 _c1633547
_d1633547